Martinské hole Vysielač Krížava : sedačková lanovka na Martinské hole : Horná stanica sedačkového výťahu : Chata ZŤS : Chata na Martinských holiach

Zobrazenie: Na striebornom podklade, v bielom orámovaní jeden pohľad z diaľky na stožiar a budovu televízneho vysielača, jeden pohľad na sedačkovú lanovku, po oboch stranách lemovanú lesom a v diaľke je mesto Martin, jeden pohľad na budovu stanice lanovky, jeden pohľad, zo strany, z trávnika na troj...

Full description

Bibliographic Details
Other Authors: Zemiar, Bohuslav, 1952- (Photographer), Pavlíková, Soňa (fotografka) (Photographer)
Format: Photo
Language:Slovak
PhysicalDescription:1 pohľadnica (5 čiastkových pohľadov) farebná 15 x 11 cm
Published: Bratislava Pravda 1990
Subjects:

MARC

LEADER 00000ckm a2200000 a 4500
001 vtls001207413
003 SK-MaSNL
005 20260425233529.0
007 kf co
008 231121s1990 xo g 0kuslo
015 |a SNBG1990 
035 |a SNK000150483 
035 |a BEBB7F3C-0BE5-4521-A9DA-A77EC6C9E26E 
035 |a urn:nbn:sk:snk-km00gizg 
040 |a SNK  |b slo  |c SNK  |e AACR2 
041 0 |a slo 
043 |a e-xo--- 
044 |a xo  |c SK 
072 7 |a 908(437)  |x Vlastiveda Česka a Slovenska  |2 konspekt 
080 |a 913(437.6)  |2 2011 
080 |a 908(437.6)  |2 2011 
080 |a 728.61  |2 2011 
080 |a 721  |2 2011 
080 |a 685.659.33  |2 2011 
080 |a 621.397.442  |2 2011 
080 |a 365:379.83  |2 2011 
080 |a (234.372)  |2 2011 
080 |a (084.121)  |2 2011 
100 1 |a Zemiar, Bohuslav,  |d 1952-  |4 pht  |9 47876 
245 1 0 |a Martinské hole  |h grafika  |b Vysielač Krížava : sedačková lanovka na Martinské hole : Horná stanica sedačkového výťahu : Chata ZŤS : Chata na Martinských holiach  |c foto Bohuslav Zemiar, Soňa Pavlíková 
246 1 |i Názov na obrazovej časti:  |a Martinské hole 
260 |a Bratislava  |b Pravda  |c 1990  |e [Bratislava]  |f TZP-B 
300 |a 1 pohľadnica (5 čiastkových pohľadov)  |b farebná  |c 15 x 11 cm 
520 8 |a Zobrazenie: Na striebornom podklade, v bielom orámovaní jeden pohľad z diaľky na stožiar a budovu televízneho vysielača, jeden pohľad na sedačkovú lanovku, po oboch stranách lemovanú lesom a v diaľke je mesto Martin, jeden pohľad na budovu stanice lanovky, jeden pohľad, zo strany, z trávnika na trojuholníkovú budovu v pozadí, a jeden pohľad z trávnika na budovu chaty 
650 0 7 |a rekreačné strediská  |2 SNKPH  |9 75706 
650 0 7 |a sedačkové lanovky  |2 SNKPH  |9 184278 
650 0 7 |a televízne vysielače  |2 SNKPH  |9 74434 
650 0 7 |a budovy  |2 SNKPH  |9 1283 
650 0 7 |a chaty  |2 SNKPH  |9 29339 
651 7 |a Martinské hole (Mala Fatra, Slovensko : rekreačná oblasť)  |2 SNKPHgeo  |9 104225 
651 7 |a Martin (Slovensko)  |2 SNKPHgeo  |9 16875 
655 7 |a miestne pohľadnice  |2 SNKPH  |9 70510 
655 7 |a geografické pohľadnice  |2 SNKPH  |9 70522 
700 1 |a Pavlíková, Soňa  |c (fotografka)  |4 pht  |9 283316 
852 |a Slovenská národná knižnica 
958 |a GBN 
958 |a GC 
958 |a OND 
958 |a EUIPO 
999 |c 768545  |d 770475 
952 |a SNK  |b SNK  |y PREZ  |7 0  |p 17A1411417  |o snkSP 143812  |i snk5106/90  |0 0  |1 0  |4 0  |d 2020-10-27  |f 1  |l 0  |r 2026-02-24 00:26:42  |w 2026-02-24 
952 |a SNK  |b SNK  |y PREZ  |7 0  |p 17A1411418  |o snkSP 143812 D1  |i snk5107/90  |0 0  |1 0  |4 0  |d 2020-10-27  |l 0  |r 2026-02-24 00:26:42  |w 2026-02-24